[Event "Ch Macedonia (open)"]
[Site "masterchessopen.com Struga (Macedonia)"]
[Date "2011.07.16"]
[Round "1"]
[White "Vasovski Nikola (MKD)"]
[Black "Stojkovska Monika (MKD)"]
[Result "1-0"]
[WhiteElo "2299"]
[BlackElo "1927"]

1.d4 Nf6 2.g3 d5 3.c4 c6 4.Bg2 g6 5.Nf3 Bg7 6.Nc3 O-O 7.Qb3 Qb6 8.Qxb6 axb6
9.cxd5 cxd5 10.Bf4 Bf5 11.O-O Nc6 12.Bc7 Ra6 13.Rfd1 Rc8 14.Bf4 Be4 15.Bh3
Rca8 16.a3 Bf5 17.Bf1 Be4 18.Ne5 Rc8 19.Rac1 Raa8 20.f3 Bf5 21.g4 Be6 22.Nb5
Ne8 23.e3 f6 24.Nd3 Bf7 25.Rc3 Na5 26.Nb4 Rxc3 27.Nxc3 e6 28.Na4 Nc4 29.Bxc4
Rxa4 30.Bb5 Ra8 31.Nd3 Rc8 32.Kf2 Kf8 33.e4 e5 34.dxe5 fxe5 35.Nxe5 dxe4
36.Nxf7 Kxf7 37.Rd7+ Kg8 38.Rxb7 Bxb2 39.a4 exf3 40.Kxf3 Bd4 41.Bd7 Ra8 42.Ke4
Bg7 43.g5 h6 44.h4 hxg5 45.hxg5 Rd8 {#r} 1-0

[Event "Ch Netherlands"]
[Site "masterchessopen.com Leeuwarden (Netherlands)"]
[Round "5"]
[White "Van Baarle C John (NED)"]
[Black "Donner Jan-Hein (NED)"]
[Result "0-1"]
[WhiteElo "2350"]
[BlackElo "2500"]

1.d4 Nf6 2.c4 g6 3.g3 c6 4.Bg2 d5 5.cxd5 cxd5 6.Nc3 Bg7 7.Nf3 O-O 8.Ne5 Nc6
9.Nxc6 bxc6 10.O-O Nd7 11.Be3 Nb6 12.b3 Qd6 13.Qd2 Re8 14.Rac1 a5 15.Na4 Nxa4
16.bxa4 Ba6 17.Rc5 Bc4 18.Re1 h5 19.Bf3 Reb8 20.Rxa5 Qa3 21.Kg2 Qxa2 22.Rxa8
Rxa8 23.Qb4 Bf6 24.Qb7 Qxa4 25.h4 e6 26.g4 hxg4 27.Bxg4 Qa6 28.Qc7 Qc8 29.Qf4
Qd8 30.Rb1 Bb5 31.Bf3 Bxh4 32.Rh1 Bf6 33.Qh2 Bg7 34.Bf4 Kf8 35.Bd6+ Ke8 36.Qh7
Qxd6 37.Qxg7 Ke7 38.Rh7 Qf4 39.Qxg6 Qf6 40.Qxf6+ Kxf6 41.Bh5 Rf8 42.Kg3 Ba4
43.Bf3 Ke7 44.Kf4 Bc2 45.Rh6 Kd6 46.Bh5 f6 47.Bg4 Bd1 48.Bf3 c5 49.dxc5+ Kxc5
50.Rh1 e5+ 51.Ke3 Bb3 52.Kd2 Ra8 53.Rc1+ Kb4 54.Rc6 Ra2+ 55.Ke3 d4+ 56.Kd3 Ba4
57.Rxf6 Bc2+ 58.Kd2 e4 59.Bh5 e3+ 60.fxe3 Bg6+ 61.Kc1 Bxh5 62.exd4 Bxe2 63.Kb1
Bc4 64.d5 Rh2 65.Rf3 Bxd5 66.Rg3 Be4+ 67.Kc1 Kc4 68.Kd1 Kd4 69.Rg8 Bf3+ 70.Kc1
Be2 71.Kb1 Kc3 72.Rg3+ Bd3+ 73.Ka1 Rh8 74.Rg2 Rh1+ {#R} 0-1

[Event "Ch Ontario"]
[Site "masterchessopen.com Ontario (Canada)"]
[Round "2"]
[White "Southam David (CAN)"]
[Black "Kiviaho Bob (CAN)"]
[Result "0-1"]
[WhiteElo "2086"]
[BlackElo "2169"]

1.d4 Nf6 2.c4 g6 3.g3 c6 4.Bg2 d5 5.cxd5 cxd5 6.Nf3 Ne4 7.O-O Bg7 8.Nc3 Nxc3
9.bxc3 Nc6 10.Nd2 O-O 11.e4 dxe4 12.Nxe4 Qa5 13.Qb3 Be6 14.Qb2 Rac8 15.Be3 b6
16.f4 Qa4 17.Kh1 Na5 18.Bg1 Nc4 19.Qf2 Qd7 20.Rfe1 h6 21.Qf3 Rc7 22.Nf2 h5
23.Re2 Rd8 24.Rae1 Nd6 25.Rxe6 fxe6 26.Ne4 Nxe4 27.Qxe4 Kh7 28.Qxe6 Qxe6
29.Rxe6 Rd6 30.Re3 Bf6 31.h4 b5 32.Be4 b4 33.f5 gxf5 34.Bxf5+ Kg7 35.cxb4 Rc1
{#R} 0-1

[Event "Ch Provincial"]
[Site "masterchessopen.com Cuba"]
[Round "0"]
[White "Li Manuel (CUB)"]
[Black "Gonzalez Yuri (CUB)"]
[Result "0-1"]
[WhiteElo "2308"]
[BlackElo "2427"]

1.d4 Nf6 2.g3 g6 3.Bg2 d5 4.c4 c6 5.Nf3 Bg7 6.Nc3 O-O 7.cxd5 cxd5 8.Ne5 e6
9.Bg5 Qb6 10.Qd2 Nfd7 11.Nxd7 Bxd7 12.Rd1 Nc6 13.Na4 Qxd4 {#R} 0-1

[Event "Ch Provinciale BG"]
[Site "masterchessopen.com Bergamo (Italy)"]
[Date "2002.10.11"]
[Round "2"]
[White "Nasoni Paolo (ITA)"]
[Black "Tentori Giulio (ITA)"]
[Result "1-0"]
[WhiteElo "1902"]
[BlackElo "1720"]

1.d4 Nf6 2.g3 g6 3.Bg2 d5 4.c4 c6 5.b3 Bg7 6.Nf3 Bf5 7.Nbd2 Nbd7 8.Nh4 Be6
9.O-O O-O 10.Bb2 Nb6 11.Rc1 Qd7 12.c5 Nc8 13.Re1 a6 14.Nhf3 Na7 15.Ne5 Qc7
16.a4 Ng4 17.Nd3 Rae8 18.Nf4 Bf5 19.h3 Nf6 20.Nf3 Be4 21.Ne5 Bxg2 22.Kxg2 Ne4
23.f3 Nf6 24.Rc2 g5 25.Nfd3 Nh5 26.g4 Nf4+ 27.Nxf4 gxf4 28.g5 f6 29.gxf6 exf6
30.Nd3 Nc8 31.Kf2 Qd7 32.Nxf4 Bh6 33.Ng2 Kf7 34.Qd3 Rg8 {#r} 1-0

[Event "Ch Romania (team)"]
[Site "masterchessopen.com Brasov (Romania)"]
[Date "2011.10.12"]
[Round "5"]
[White "Cioara Andrei Nestor (ROM)"]
[Black "Bonte Andrei (ROM)"]
[Result "1-0"]
[WhiteElo "2436"]
[BlackElo "2364"]

1.d4 Nf6 2.c4 g6 3.g3 c6 4.Bg2 d5 5.Nd2 Bg7 6.Ngf3 O-O 7.b3 c5 8.Bb2 cxd4
9.Nxd4 e5 10.Nc2 d4 11.e3 Nc6 12.exd4 exd4 13.O-O Bg4 14.Bf3 Bh3 15.Re1 Qd7
16.Ne4 Rfe8 17.Nxf6+ Bxf6 18.Qd2 Ne5 19.Bh1 Rad8 20.Qf4 Bf5 21.Nb4 Bg7 22.Rad1
a5 23.Nd5 Nd3 24.Rxe8+ Rxe8 25.Qd2 Nxb2 26.Qxb2 Bg4 27.f3 Bf5 28.Bg2 d3 29.Qd2
Re2 30.Qf4 Qe8 31.Bf1 h5 32.Bxe2 Qxe2 33.Rd2 Qe1+ 34.Kg2 Bd4 35.Ne7+ Qxe7
36.Qxd4 Qe1 37.Qf2 Qc1 38.Qe3 Qc3 39.h3 a4 40.g4 hxg4 41.hxg4 axb3 42.axb3 Be6
43.Rxd3 {#r} 1-0

[Event "Ch Russia"]
[Site "masterchessopen.com Kuibyshev (Russia)"]
[Round "0"]
[White "Obukhov Alexander (RUS)"]
[Black "Voitsekhovsky Stanislav (RUS)"]
[Result "1-0"]
[WhiteElo "2372"]
[BlackElo "2549"]

1.d4 Nf6 2.c4 g6 3.g3 c6 4.Bg2 d5 5.cxd5 cxd5 6.Nc3 Bg7 7.Nf3 O-O 8.Ne5 e6
9.Bg5 Qb6 10.Qd2 Nfd7 11.Be3 Nc6 12.Nxc6 bxc6 13.Rc1 Ba6 14.O-O Rfc8 15.Rfd1
Rab8 16.b3 Bf8 17.Bf4 Rb7 18.e4 Qa5 19.Bh6 Bxh6 20.Qxh6 Rbc7 21.h4 Qa3 22.h5
Qf8 23.Qf4 Qg7 24.hxg6 hxg6 25.Na4 dxe4 26.Bxe4 e5 27.dxe5 Nxe5 28.Nc5 Be2
29.Re1 g5 30.Qe3 Bh5 31.Nd3 Nxd3 32.Qxd3 c5 33.Bf5 Bg6 34.Qd5 Bxf5 35.Qxf5 Qg6
36.Re5 Qxf5 37.Rxf5 Rc6 38.Rxg5+ Kf8 39.Rc2 Ra6 40.Re5 Ra3 41.Kf1 Rc6 42.Ke1
Rca6 43.Ree2 R3a5 44.Kd1 f6 45.Kc1 Kf7 46.Kb1 Rd6 47.Red2 Re6 48.Kb2 Re1
49.Rd5 Rf1 50.g4 Kg6 51.Rf5 Rb5 52.f3 Rb6 53.Rcxc5 Re6 54.Ra5 Rf2+ 55.Kc3 Re3+
56.Kd4 Rexf3 57.Rxf3 Rxf3 58.Rxa7 Kg5 59.Ke4 Rf2 60.Ke3 Rh2 61.Rg7+ Kh6 62.Ra7
Kg5 63.Kf3 Rh3+ 64.Ke4 Rc3 65.Rg7+ Kh6 66.Rg8 Rc2 67.a4 Rc3 68.Rb8 Kg5 69.Kd4
Rc1 70.Rg8+ Kf4 71.Rg6 Rd1+ 72.Kc5 Ke5 73.a5 Rd5+ 74.Kb4 Rd4+ 75.Kb5 Rd5+
76.Ka4 {#r} 1-0

[Event "Ch Russia (Higher League)"]
[Site "masterchessopen.com Ulan Ude (Russia)"]
[Date "2009.09.04"]
[Round "3"]
[White "Bocharov Dmitry (RUS)"]
[Black "Andreikin Dmitry (RUS)"]
[Result "1-0"]
[WhiteElo "2613"]
[BlackElo "2648"]

1.d4 Nf6 2.c4 g6 3.g3 c6 4.Bg2 d5 5.cxd5 cxd5 6.Nc3 Bg7 7.e3 O-O 8.Nge2 Nc6
9.O-O e6 10.b3 Re8 11.Ba3 b5 12.Bb2 b4 13.Na4 Ba6 14.Nc5 Bb5 15.Qd2 Nd7
16.Rfc1 Nxc5 17.Rxc5 a6 18.Rac1 Rc8 19.Nf4 Bf8 20.R5c2 Na7 21.e4 dxe4 22.Bxe4
Rxc2 23.Rxc2 Nc8 24.Nd3 Nd6 25.Bg2 Bxd3 26.Qxd3 Qa5 27.Bc6 Re7 28.d5 e5 29.Bc1
e4 30.Qd1 Nf5 31.d6 Re6 32.d7 Be7 33.Ba4 e3 34.fxe3 Bd8 35.Rc8 Qb6 36.Qc2 Kf8
37.a3 a5 38.axb4 axb4 39.Bd2 Rxe3 40.Kh1 Ke7 41.Rxd8 {#r} 1-0

[Event "Ch Slovakia"]
[Site "masterchessopen.com Trencin (Slovakia)"]
[Round "0"]
[White "Mocary Metod (SVK)"]
[Black "Abel Peter (SVK)"]
[Result "1-0"]
[WhiteElo "1990"]
[BlackElo "2198"]

1.d4 d5 2.g3 Nf6 3.Bg2 g6 4.c4 c6 5.Nc3 dxc4 6.Nf3 Nbd7 7.O-O Bg7 8.a4 a5 9.e4
Nb6 10.Be3 O-O 11.Qd2 Ng4 12.Rad1 Nxe3 13.Qxe3 Bg4 14.h3 Bxf3 15.Bxf3 Qc7
16.h4 Rfd8 17.h5 Rab8 18.Kg2 e6 19.Rh1 f5 20.hxg6 hxg6 21.Rh2 Kf7 22.d5 cxd5
23.exd5 Re8 24.Nb5 Nxd5 25.Bxd5 Qe5 26.Qxe5 Bxe5 {#r} 1-0

[Event "Ch Slovakia (team) 1997/98 (1 liga) West"]
[Site "masterchessopen.com Slovakia"]
[Round "7"]
[White "Markos Jan (SVK)"]
[Black "Schwarz Dusan (SVK)"]
[Result "1-0"]
[WhiteElo "2185"]
[BlackElo "2286"]

1.d4 Nf6 2.c4 g6 3.g3 c6 4.Bg2 d5 5.cxd5 cxd5 6.Nc3 Nc6 7.Bg5 Bg7 8.Bxf6 Bxf6
9.e3 e6 10.Nge2 O-O 11.O-O Bg7 12.Rc1 Bd7 13.Nf4 Qe7 14.Re1 Rfd8 15.Re2 Rac8
16.Nd3 b6 17.Rec2 Na5 18.b3 Qe8 19.Bf1 Bf8 20.Ne5 Ba3 21.Ba6 Bxc1 22.Bxc8 Bxc8
23.Qxc1 Ba6 24.Ng4 Qe7 25.Na4 Kh8 26.Rc7 Rd7 27.Rxd7 Qxd7 28.e4 Qb5 29.Nc3 Qd3
30.b4 f5 31.b5 fxg4 32.bxa6 Nc4 33.exd5 exd5 34.Qf4 Kg7 35.Nxd5 Qb1+ 36.Kg2
Qf5 37.Qc7+ Kh6 38.Qxc4 Qf3+ 39.Kg1 Qd1+ 40.Qf1 Qd2 41.Qb1 Kg5 42.Nc7 h5
43.Ne6+ Kf6 44.Nf4 b5 45.Qxg6+ Ke7 46.Nd5+ Kd7 47.Qf7+ Kd6 48.Qf4+ {#r} 1-0

[Event "Ch Slovakia (team) 1999/00 (2 liga) (d)"]
[Site "masterchessopen.com Slovakia"]
[Round "10"]
[White "Garancovsky Pavol (SVK)"]
[Black "Petr Milan (SVK)"]
[Result "1-0"]
[WhiteElo "2104"]
[BlackElo "2160"]

1.d4 d5 2.g3 Nf6 3.Bg2 g6 4.c4 c6 5.Nf3 dxc4 6.Ne5 Qb6 7.O-O Qa6 8.Nd2 Be6
9.Qc2 Nd5 10.Qxc4 f6 11.Nd3 Nf4 12.Qxa6 Nxe2+ 13.Kh1 Nxa6 14.Nb3 Bxb3 15.axb3
Nxc1 16.Rfxc1 Nc7 17.Nc5 Bh6 18.f4 O-O 19.Nxb7 Ne6 20.Ra4 Rab8 21.Bxc6 Rfc8
22.Rac4 Kh8 23.Bd5 Rxc4 24.Rxc4 Nd8 25.Na5 Bf8 26.Rc7 Rb5 27.Rd7 Rxa5 28.Rxd8
Kg7 29.Be6 Ra6 30.d5 Rb6 31.Rd7 a6 32.Kg1 f5 33.h3 h6 34.g4 Kf6 35.Ra7 Rxb3
36.Rxa6 Rxb2 37.Bxf5+ Kf7 38.Bxg6+ Kg7 39.Bf5 Rd2 40.Rg6+ Kf7 41.Ra6 Bg7
42.Kf1 Rh2 43.g5 hxg5 44.fxg5 Be5 45.Ra4 Rh1+ 46.Kg2 Rh2+ 47.Kf3 Rd2 48.Ra5
Rd1 49.Kg4 Rf1 50.Ra4 Rd1 51.Be4 Rf1 52.Bg2 Rf2 53.Bf3 Kg7 54.h4 Rf1 55.Rc4
Rg1+ 56.Kf5 Rf1 57.Rc3 Ra1 58.h5 Ra8 59.Be4 Rf8+ 60.Ke6 Rf5 {#r} 1-0

[Event "Ch Stuttgart"]
[Site "masterchessopen.com Stuttgart (Germany)"]
[Round "3"]
[White "Gabriel Josef (GER)"]
[Black "Groebe Ulrich (GER)"]
[Result "1-0"]
[WhiteElo "2130"]
[BlackElo "2052"]

1.c4 Nf6 2.d4 g6 3.g3 c6 4.Bg2 d5 5.b3 Bg7 6.e3 O-O 7.Ne2 b6 8.O-O Ba6 9.Qc2
Nbd7 10.Bb2 Rc8 11.Rd1 Qc7 12.Na3 Qb8 13.Rac1 e6 14.b4 Rfe8 15.Qb3 h5 16.Nf4
Bh6 17.Nd3 h4 18.Nf4 hxg3 19.hxg3 Kg7 20.Bf1 Rh8 21.cxd5 Bxf1 22.dxc6 Bxf4
23.exf4 Ng4 24.Rxf1 Ndf6 25.d5 Qd6 26.f3 Nh6 27.Nb5 Qxd5 28.Qxd5 exd5 29.g4
{#r} 1-0

[Event "Ch Sweden"]
[Site "masterchessopen.com Norrkoeping (Sweden)"]
[Round "0"]
[White "Madebrink Lars (SWE)"]
[Black "Wessman Richard (SWE)"]
[Result "0-1"]
[WhiteElo "2259"]
[BlackElo "2423"]

1.d4 Nf6 2.c4 g6 3.g3 c6 4.Bg2 d5 5.Qb3 Bg7 6.Nc3 O-O 7.Nf3 Ne4 8.O-O Nxc3
9.bxc3 dxc4 10.Qxc4 Nd7 11.Bg5 h6 12.Bf4 Nb6 13.Qd3 Be6 14.Rfe1 Nc4 15.e4 b5
16.h4 Qd7 17.Nd2 Rad8 18.Nb3 Bg4 19.e5 e6 20.Qe4 Qd5 21.Qc2 Bf3 22.Bxf3 Qxf3
23.a4 a6 24.axb5 axb5 25.Ra7 Ra8 26.Rea1 Nb6 27.Nc5 Rxa7 28.Rxa7 Ra8 29.Rxa8+
Nxa8 30.Qc1 Kh7 31.Qa1 Nb6 32.Qa7 Nd5 33.Qxf7 Nxc3 34.Qxe6 Ne2+ 35.Kf1 Nxd4
{#R} 0-1

[Event "Ch Sweden (team) 2010/11"]
[Site "masterchessopen.com Sweden"]
[Date "2011.03.13"]
[Round "11"]
[White "Johansson Linus (SWE)"]
[Black "Hermansson Emil (SWE)"]
[Result "0-1"]
[WhiteElo "2195"]
[BlackElo "2408"]

1.d4 Nf6 2.c4 g6 3.g3 c6 4.Bg2 d5 5.Nf3 Bg7 6.Nc3 dxc4 7.Ne5 Ng4 8.Nf3 O-O
9.h3 Nf6 10.O-O Nd5 11.e4 Nxc3 12.bxc3 Nd7 13.Nd2 b5 14.e5 Nb6 15.Ne4 Be6
16.f4 f5 17.Ng5 Bd5 18.h4 h6 19.Nh3 h5 20.Ba3 Re8 21.Rf2 e6 22.Ng5 Bxg2
23.Rxg2 Nd5 24.Qe1 Qa5 25.Bb2 Bf8 26.a3 c5 27.dxc5 Bxc5+ 28.Kh1 Qb6 29.Rd2 Be3
30.Re2 Rad8 31.Rd1 Qc6 32.Kh2 Bb6 33.Bc1 a5 34.Red2 Ne3 35.Qxe3 Bxe3 36.Rxd8
Bxc1 37.R1d6 Qxd6 38.Rxd6 Bxa3 39.Rd7 Re7 40.Rd8+ Kg7 41.Ra8 b4 42.Rxa5 b3
43.Rxa3 b2 44.Nxe6+ Kh6 45.Ra8 b1=Q 46.Ng5 Qb2+ 47.Kg1 Kg7 {#R} 0-1

[Event "Ch World (match)"]
[Site "masterchessopen.com Moscow (Russia)"]
[Round "23"]
[White "Botvinnik Mikhail M (RUS)"]
[Black "Bronstein David I (RUS)"]
[Result "1-0"]
[WhiteElo "2630"]
[BlackElo "2432"]

1.d4 Nf6 2.c4 g6 3.g3 c6 4.Bg2 d5 5.cxd5 cxd5 6.Nc3 Bg7 7.Nh3 Bxh3 8.Bxh3 Nc6
9.Bg2 e6 10.e3 O-O 11.Bd2 Rc8 12.O-O Nd7 13.Ne2 Qb6 14.Bc3 Rfd8 15.Nf4 Nf6
16.Qb3 Ne4 17.Qxb6 axb6 18.Be1 Na5 19.Nd3 Bf8 20.f3 Nd6 21.Bf2 Bh6 22.Rac1
Nac4 23.Rfe1 Na5 { ?! } ( 23...Nf5 24.f4 Nfd6 { =/? } ) 24.Kf1 Bg7 25.g4 Nc6
26.b3 Nb5 27.Ke2 Bf8 28.a4 Nc7 29.Bg3 Na6 30.Bf1 f6 31.Red1 Na5 32.Rxc8 Rxc8
33.Rc1 Rxc1 { ?! } ( { ? } 33...Rc6 ) 34.Nxc1 Ba3 35.Kd1 Bxc1 { ? } 36.Kxc1
Nxb3+ 37.Kc2 Na5 38.Kc3 Kf7 39.e4 f5 { ?! } 40.gxf5 gxf5 41.Bd3 Kg6 42.Bd6 Nc6
43.Bb1 Kf6 { ? } ( 43...Na7 { ! } 44.exd5 exd5 45.Ba2 b5 { ?/= } ) 44.Bg3 fxe4
45.fxe4 h6 46.Bf4 h5 47.exd5 exd5 48.h4 Nab8 49.Bg5+ Kf7 50.Bf5 Na7 51.Bf4
Nbc6 52.Bd3 Nc8 53.Be2 Kg6 54.Bd3+ Kf6 55.Be2 Kg6 56.Bf3 N6e7 ( 56...N8e7
57.Bc7 Nf5 58.Bxd5 Nfxd4 59.Bxb6 { +?? } ) 57.Bg5 {#r} 1-0

[Event "Ch Yugoslavia (team) (w)"]
[Site "masterchessopen.com Kragujevac (Yugoslavia)"]
[Round "7"]
[White "Kiseleva Natalia (UKR)"]
[Black "Dembo Yelena (GRE)"]
[Result "1-0"]
[WhiteElo "2323"]
[BlackElo "2322"]

1.d4 Nf6 2.c4 g6 3.g3 c6 4.Bg2 d5 5.cxd5 cxd5 6.Nc3 Bg7 7.Nf3 O-O 8.Ne5 Nbd7
9.O-O e6 10.f4 Qb6 11.Kh1 Ne8 12.b3 Nxe5 13.fxe5 f6 14.Ba3 Rf7 15.e4 Qa5
16.Bb2 dxe4 17.Nxe4 Bd7 18.d5 exd5 19.Nxf6+ Bxf6 20.Qxd5 Qb6 21.Qxb7 Rb8
22.Qxb6 Rxb6 23.exf6 Nxf6 24.Rad1 Bf5 25.Rd8+ Kg7 26.h3 h5 27.Rf4 Rd7 28.Rxd7+
Bxd7 29.Bd4 Ra6 30.Kh2 g5 31.Rf2 Kg6 32.Bb7 Rd6 33.Bxa7 Bxh3 34.Kxh3 Rd7
35.Bg2 Rxa7 36.a4 h4 37.gxh4 Rh7 38.Kg3 gxh4+ 39.Kh3 Kg5 40.a5 {#r} 1-0

[Event "Cup Rector (cat.7)"]
[Site "masterchessopen.com Belgorod (Russia)"]
[Date "2007.03.07"]
[Round "4"]
[White "Uzhva Andrey (RUS)"]
[Black "Kovchan Alexander (UKR)"]
[Result "0-1"]
[WhiteElo "2229"]
[BlackElo "2507"]

1.d4 Nf6 2.c4 g6 3.g3 c6 4.Bg2 d5 5.Nf3 dxc4 6.Na3 b5 7.Ne5 Nd5 8.e4 Nb4 9.Bd2
a5 10.Bxb4 axb4 11.Nc2 Bg7 12.Nxb4 c5 13.Nbc6 Nxc6 14.Nxc6 Qc7 15.e5 Bb7 16.d5
Bxc6 17.dxc6 Qxe5+ 18.Qe2 Qxb2 19.Qxb2 Bxb2 20.Rd1 Bd4 21.c7 Kd7 22.Bxa8 Rxa8
23.Rd2 Kxc7 24.Ke2 Kc6 25.Rb1 b4 26.Rc2 Kd5 27.h4 h5 28.Kd1 Ra3 29.Re2 e5
30.Kc1 b3 31.axb3 cxb3 32.f4 e4 {#R} 0-1

[Event "Cup World (active)"]
[Site "masterchessopen.com Odessa (Ukraine)"]
[Date "2008.01.05"]
[Round "1"]
[White "Shabalov Alexander (USA)"]
[Black "Svidler Peter (RUS)"]
[Result "0-1"]
[WhiteElo "2585"]
[BlackElo "2727"]

{ Shabalov Alexander (USA) +0 =1 -1 Svidler Peter (RUS) +0 =2 -1 } 1.c4 Nf6
2.d4 g6 3.g3 d5 ( 3...Bg7 4.Bg2 d5 5.cxd5 Nxd5 6.e4 Nb4 7.a3 N4c6 8.d5 Nd4
9.Ne2 Bg4 10.Nbc3 Nf3+ 11.Kf1 Nd4 12.h3 Nxe2 13.Nxe2 Bc8 14.Qb3 c6 15.Be3 O-O
16.Kg1 b6 17.Kh2 Bb7 18.Rhd1 Qe8 19.Rac1 Na6 20.Nd4 cxd5 21.exd5 Nc5 22.Qc2 e5
23.Nc6 { ...1-0, Akopian Vladimir 2625 - Svidler Peter 2635 , Haifa 1995 It
(cat.14) } ) 4.Bg2 c6 5.cxd5 cxd5 6.Nc3 { ?/= } 6...Nc6 ( 6...Bg7 7.Nf3 O-O
8.O-O Ne4 9.Ne5 Nxc3 { 1/2-1/2, Tregubov Pavel V 2583 - Svidler Peter 2740 ,
Sochi 26. 4.2005 Ch Russia (club) } ) 7.Bg5 ( 7.Nf3 Bg7 8.O-O Ne4 9.Qb3 Nxc3
10.Qxc3 O-O 11.Be3 Qb6 12.Rfd1 Bf5 13.Ne5 Nb4 14.a3 Nc2 15.Nd7 Bxd7 16.Qxc2
Rfc8 17.Qd2 Ba4 18.Rdc1 Qb3 19.h4 Rc6 20.Rxc6 bxc6 21.Rc1 Bb5 22.Bf4 a5 23.Bc7
a4 24.Rc3 Qa2 25.e3 Ra7 26.Bb6 Rb7 { ...1-0, Solozhenkin Evgeniy 2501 - Babiy
Anatoly 2470 , Sochi 28. 4.2004 Ch Russia (club) } ) 7...e6 { N } ( 7...Bg7
8.Bxf6 ( 8.e3 Ne4 9.Bxe4 dxe4 10.g4 O-O 11.Nxe4 Qd5 12.Qf3 Qa5+ 13.Kf1 f5
14.Nc3 Be6 15.Nge2 fxg4 16.Qe4 Bf5 17.Qg2 h6 18.Bf4 e5 19.dxe5 Nxe5 20.Bxe5
Bxe5 21.Qxb7 Rab8 22.Qc6 Rxb2 23.Nd5 Kg7 24.Rc1 Qd2 25.Re1 Rc8 26.Qa6 Qxd5
27.Qxa7+ { ...0-1, Tsarouha Marianthi - Papadopoulos Nikolaos 2152 , Ermioni
5. 7.2006 Ch Greece (team) } ) 8...Bxf6 9.e3 e6 10.h4 O-O 11.f4 Na5 12.Nf3 Nc4
13.Qe2 Qb6 14.Rb1 Bd7 15.Ne5 Nxe5 16.fxe5 Bg7 17.h5 Rac8 18.O-O Bh6 19.Qd3 Qa6
20.Qd2 Bg5 21.Rf3 f6 22.hxg6 hxg6 23.exf6 Rxf6 24.Rxf6 Bxf6 25.Rf1 Rf8 26.Ne2
Bb5 27.Nf4 { ...1/2-1/2, Norwood David 2545 - Glek Igor V 2615 , Germany 1994
Bundesliga 1993/94 } ) 8.e3 Bg7 9.Nge2 { N } 9...O-O 10.O-O h6 11.Bxf6 Qxf6
12.Rc1 Bd7 13.Nf4 Qe7 14.Nd3 Rfc8 15.Qd2 b6 16.f4 Na5 17.b3 Nb7 18.Ne5 Nd6
19.Qd3 Be8 20.Rc2 Rc7 21.Rfc1 Rac8 22.a4 Nf5 23.Kf2 f6 24.Nf3 Nd6 25.Nd2 f5
26.Ne2 { ?! } ( 26.Bxd5 { !? } 26...Rxc3 27.Rxc3 Rxc3 28.Bxe6+ Qxe6 29.Qxc3
Bf7 30.Qc6 Qe7 31.h3 Ne8 32.a5 bxa5 33.Rc5 { } ) 26...Ne4+ 27.Bxe4 { ? } (
27.Nxe4 dxe4 28.Rxc7 Rxc7 29.Qd2 g5 30.Rxc7 Qxc7 31.Nc3 gxf4 32.gxf4 Bc6
33.Bf1 Bf6 34.Bc4 { } ) 27...fxe4 { ?! } ( 27...Rxc2 { !? } 28.Rxc2 dxe4
29.Nxe4 Rxc2 30.Qxc2 fxe4 31.Qxe4 Kf7 32.h3 Qc7 33.Qd3 Bc6 34.Nc3 a5 { } )
28.Rxc7 Rxc7 29.Rxc7 Qxc7 30.Qc3 Qd8 31.Nc1 Bf8 32.Na2 Bd6 33.Qc2 g5 34.Nc1
Qc7 35.Qxc7 Bxc7 36.Ne2 Bd6 37.Nb1 a6 38.Nec3 b5 39.axb5 axb5 40.Na2 b4 41.Nc1
Kg7 42.Nd2 Bb5 43.Kg2 Be7 44.Na2 Kf6 45.h3 Kf5 { -1.02 CAP } {#R} 0-1

[Event "Cup World (qual)"]
[Site "masterchessopen.com Moscow (Russia)"]
[Round "0"]
[White "Nikolic Predrag (BIH)"]
[Black "Timoshenko Georgy (UKR)"]
[Result "1-0"]
[WhiteElo "2600"]
[BlackElo "2540"]

1.d4 Nf6 2.c4 g6 3.g3 c6 4.Bg2 d5 5.cxd5 cxd5 6.Nc3 Bg7 7.Nh3 Nc6 8.Nf4 O-O
9.O-O e6 10.e3 Bd7 11.Bd2 Qe7 12.a3 Rfc8 13.b4 Ne8 14.b5 Nd8 15.Qb3 Nd6
16.Rfc1 b6 17.a4 N8b7 18.Nd1 Nc4 19.Bb4 Nba5 {#r} 1-0

[Event "Czech League 2009/10 (krajsky prebor)"]
[Site "masterchessopen.com Czech Republic"]
[Date "2010.03.21"]
[Round "10"]
[White "Velecky Viktor (CZE)"]
[Black "Stefan Jaroslav"]
[Result "1-0"]
[WhiteElo "2119"]
[BlackElo "1614"]

1.d4 Nf6 2.g3 g6 3.Bg2 d5 4.c4 c6 5.Nc3 Bg7 6.Qb3 dxc4 7.Qxc4 Be6 8.Qa4 O-O
9.Nf3 Nbd7 10.Ng5 Bd5 11.Nxd5 Nxd5 12.O-O N7b6 13.Qd1 e5 14.dxe5 Bxe5 15.Ne4
Bg7 16.Qb3 Qc7 17.Bd2 Qe5 18.Rab1 Rfe8 19.e3 Rad8 20.Rfd1 Qc7 21.Rbc1 Nd7
22.Qa3 Qb8 23.Ba5 N7b6 24.Qb3 Qe5 25.Nc5 Rb8 26.Bxd5 cxd5 27.Bxb6 axb6 28.Nd7
Qxb2 29.Nxb8 Rxb8 30.Qxd5 Ra8 31.Rc7 Qxa2 32.Qxb7 {#r} 1-0

[Event "Dos Hermanas Qualifier"]
[Site "masterchessopen.com Internet"]
[Round "1"]
[White "Almasi Istvan (HUN)"]
[Black "Mikhalevski Victor (ISR)"]
[Result "1-0"]
[WhiteElo "2429"]
[BlackElo "2532"]

1.d4 Nf6 2.c4 g6 3.g3 c6 4.Bg2 d5 5.cxd5 cxd5 6.Nc3 Bg7 7.Nh3 O-O 8.Nf4 e6
9.O-O Nc6 10.e3 b6 11.Bd2 Ba6 12.Re1 Rc8 13.Rc1 Ne8 14.Qa4 Bb7 15.Bf1 Nd6
16.Qd1 Na5 17.b3 Nc6 18.Nd3 Qe7 19.Nf4 Nb8 20.h4 Nd7 21.Nb5 Nxb5 22.Bxb5 Nf6
23.Bd3 e5 24.dxe5 Qxe5 25.Bb4 Rxc1 26.Qxc1 Rc8 27.Qd2 d4 28.exd4 Qxd4 29.Bb1
Ng4 30.Qxd4 Bxd4 31.Nd3 h5 32.Bd2 Ba6 33.Kg2 Bb7+ 34.Kg1 Ba6 35.Kg2 Rd8 36.Bg5
f6 37.Bf4 Bxd3 38.Bxd3 Bxf2 39.Bc4+ Kf8 40.Re6 Bc5 41.a4 Rd1 42.Be2 Rg1+
43.Kf3 f5 44.Bc4 Kg7 45.Bg5 Rh1 46.Re2 Rf1+ 47.Kg2 Rg1+ 48.Kf3 Bd6 49.Bf4 Bc5
50.Bg5 Bd6 51.Bf4 Bxf4 52.Re7+ Kf8 53.Rf7+ Ke8 54.Kxf4 Rc1 55.Rxa7 Kd8 56.Rg7
Rc2 57.Rxg6 Rf2+ 58.Kg5 Rf3 59.Rxb6 Ne3 60.Kxh5 Rxg3 61.a5 Ng2 62.a6 Nf4+
63.Kh6 Kc7 64.a7 Kxb6 65.a8=Q Rg6+ 66.Kh7 Rg4 67.Qd8+ Kc5 68.Qf6 Kb4 69.h5 Nh3
70.Qf8+ Kc3 71.Qxf5 Rg3 72.Qe5+ Kb4 73.Qxg3 Kc5 74.Qxh3 {#r} 1-0

[Event "Extraliga 2008/09"]
[Site "masterchessopen.com Czech Republic"]
[Date "2008.12.06"]
[Round "3"]
[White "Vavrak Peter (SVK)"]
[Black "Votava Jan (CZE)"]
[Result "0-1"]
[WhiteElo "2478"]
[BlackElo "2542"]

1.d4 Nf6 2.c4 g6 3.g3 c6 4.Bg2 d5 5.cxd5 cxd5 6.Nc3 Bg7 7.Bg5 Nc6 8.Bxf6 Bxf6
9.e3 e6 10.Nge2 Bd7 11.Nf4 Rc8 12.h4 h5 13.O-O Bg7 14.Qf3 O-O 15.Rfc1 Na5
16.b3 Qe7 17.Qe2 Qa3 18.Nd3 Rc7 19.Nc5 Rfc8 20.Qd2 Qb4 21.a3 Qb6 22.Nxd7 Rxd7
23.Na4 Rxc1+ 24.Rxc1 Qd8 25.Nc5 Re7 26.Qc3 Nc6 27.b4 Kh7 28.Bf1 Nb8 29.Nd3 Nc6
30.Nc5 Nb8 31.Nd3 Nc6 32.Qc5 Bf8 33.b5 Re8 34.Qc3 Na5 35.Ne5 f6 36.Qc7+ Qxc7
37.Rxc7+ Re7 38.Nd7 Bg7 39.b6 axb6 40.Bb5 Nc4 41.Bxc4 dxc4 42.Kf1 b5 43.Rxb7
g5 44.Ke2 gxh4 45.gxh4 f5 46.Nc5 Rxb7 47.Nxb7 Bf6 48.Nd6 Bxh4 49.Nxb5 Bd8
50.e4 Kg6 51.exf5+ exf5 52.Nd6 c3 53.Nc4 h4 54.Ne3 Bb6 55.Ng2 Kg5 56.Ne1 Kg4
57.d5 h3 58.Kf1 h2 59.Kg2 Bxf2 60.Nc2 Bg3 61.Kh1 Kf3 62.a4 Bc7 63.a5 Bxa5
64.d6 Kg3 {#R} 0-1

[Event "Extraliga 2011/12"]
[Site "masterchessopen.com Czech Republic"]
[Date "2011.10.08"]
[Round "1"]
[White "Jirka Jiri (CZE)"]
[Black "Talla Vladimir (CZE)"]
[Result "1-0"]
[WhiteElo "2415"]
[BlackElo "2399"]

1.d4 Nf6 2.c4 g6 3.g3 c6 4.Bg2 d5 5.cxd5 cxd5 6.Nf3 Bg7 7.Ne5 Ne4 8.O-O O-O
9.f3 Nd6 10.Nc3 Be6 11.f4 Nc8 12.b3 Nb6 13.a4 a5 14.Ba3 Nc6 15.e3 Re8 16.Rc1
f6 17.Nd3 Bc8 18.Qf3 e6 19.g4 Bf8 20.Bxf8 Rxf8 21.Nc5 f5 22.gxf5 gxf5 23.Kh1
Qe7 24.Nb5 Rb8 25.Rg1 Kh8 26.Bf1 Nd7 27.Nd3 Nf6 28.Ne5 Bd7 29.Bd3 Rg8 30.Nd6
Rxg1+ 31.Rxg1 Be8 32.Qg3 Qf8 33.Qh4 Nh5 34.Be2 Ng7 35.Nxe8 Qxe8 36.Qh6 Nxe5
37.Qxg7# 1-0

[Event "Extraliga 2011/12"]
[Site "masterchessopen.com Slovakia"]
[Date "2011.10.22"]
[Round "1"]
[White "Kuchynka Lukas (CZE)"]
[Black "Csiba Dominik (SVK)"]
[Result "0-1"]
[WhiteElo "2314"]
[BlackElo "2357"]

1.d4 Nf6 2.c4 g6 3.g3 c6 4.Bg2 d5 5.cxd5 cxd5 6.Nc3 Bg7 7.Nf3 Ne4 8.Qb3 Nxc3
9.bxc3 O-O 10.Ne5 Nc6 11.f4 e6 12.Nxc6 bxc6 13.Ba3 Re8 14.O-O Ba6 15.Rfe1 Rb8
16.Qc2 Bc4 17.e3 Qa5 18.Bd6 Rb5 19.Reb1 Bf8 20.Bxf8 Rxf8 21.a4 Rb6 22.Rxb6
axb6 23.Rb1 Ra8 24.g4 Qa6 25.Rb2 Kg7 26.g5 b5 27.axb5 cxb5 28.e4 b4 29.cxb4
Bd3 30.Qc3 Rc8 31.Qe1 dxe4 32.b5 Qa3 33.Qb4 Rc1+ 34.Kf2 Rc2+ {#R} 0-1